000 01113cam a22003617a 4500
003 CHAP
005 20220329142418.0
008 001207d2000 flua r 00110 ing d
010 _a83099
011 _a84071
020 _a1566705002
035 _a94590
040 _cCHAP
082 0 4 _a551.49
_bH8 2000
100 0 0 _aHudak, Paul F.
_956623
245 1 0 _aPrinciples of hydrogeology
_c/by Paul F. Hudak.
250 _a2a.ed.
260 _aBoca Raton, Florida :
_bLewis Publishers,
_c2000.
300 _a204p. :
_bilus.; cuads.
590 _aBATCH-UPD
_b10
_c20130110
_lUCH01
_h0620
590 _aBATCH-UPD
_b10
_c20130410
_lUCH01
_h0303
590 _aBATCH-UPD
_b10
_c20130913
_lUCH01
_h2243
590 _aCONVERSION
_b10
_c20130109
_lUCH01
_h1346
650 1 4 _aAgua subterranea.
_92456
650 1 4 _aAgua
_xAnálisis.
_92280
650 1 4 _aAgua
_xContaminación.
_92351
650 1 4 _aCorrientes de agua
_xMedición.
_928261
650 1 4 _aHidrogeología.
_955236
901 _aBK
905 _aEdna Luz
942 _cLIBRO
949 _a551.49 H8 2000
_bBC
_cLIBRO
_d33724000808614
_eLIBRO
_h99231
_i94590
_si
_t$672.00
999 _c83099
_d83099